000 00535nam a2200193Ia 4500
003 OSt
005 20230426154358.0
008 210423s1965 xx 000 0 und d
020 _a671628186
040 _cAL
041 _aeng
082 _a510.922
_223
_bBELE
100 _aBELL (E T).
_993582
245 _aMen of mathematics: the lives and achievements of the great mathematicians from Zento to poincare.
260 _aNew York
_bSimon & Schuster
_c1965
300 _axvii,590,ii
_bPB
365 _b499
_cINR
942 _2ddc
_cBK
999 _c161149
_d161149